000 01214nam a2200313 i 4500
003 EG-GICUC
005 20260211183458.0
008 260211s1992 ua ||||fr|||| 00| 0 ara d
017 _a٩١/٩٠٦٦
020 _a977-01-2885-6
040 _a EG-GICUC
_bara
_c EG-GICUC
_d EG-GICUC
_erda
041 0 _aara
082 0 4 _221
_a343.91
_bم ح . ت
092 0 4 _221
099 _aLaw110 343.91 م ح . ت 1992
100 0 _aمحمد عبدالله الشلتاوي
_eمؤلف.
245 1 2 _aالتطبيق العملى لأحكام الجريمة والعقوبة في الشريعة الإسلامية :
_b(دراسة مقارنة) /
_cدکتور محمد عبدالله الشلتاوي.
264 _a[دون مكان نشر] :
_b[دون ناشر]،
_c1992.
300 _a435 صفحة؛
_c24 سم.
336 _2rda content
_atext
337 _2rda media
_aComputer
338 _2rda carrier
_aOnline Resource
504 _aيشتمل على إرجاعات ببليوجرافية.
650 1 4 _aالنظام الجنائي الإسلامي
650 1 4 _aالقانون الجنائي
856 4 0 _uhttps://fll.law.cu.edu.eg/fulltext/bks/B10-08309.pdf
905 _a32
942 _2ddc
_cBK
_e21
_n0
999 _c62677
_d62677